[Event "11th Philadelphia International"]
[Site "Philadelphia, PA"]
[Date "2017.06.27"]
[Round "6.31"]
[White "Tsogtsaikhan, Saikhanchimeg"]
[Black "Hu, Pinyi"]
[Result "1-0"]
[WhiteElo "1970"]
[BlackElo "1649"]
[PlyCount "98"]
[EventDate "2017.06.??"]
[EventType "swiss"]
[EventRounds "9"]
[EventCountry "USA"]

1. e4 c5 2. Nf3 d6 3. d4 Nf6 4. Nc3 cxd4 5. Nxd4 g6 6. Be3 Bg7 7. f3 O-O 8. Bc4
Nc6 9. Qd2 Bd7 10. O-O-O Rb8 11. g4 Na5 12. Bb3 b5 13. Kb1 Nc4 14. Bxc4 bxc4
15. Ka1 Qb6 16. Rb1 Qa5 17. Bh6 Bxh6 18. Qxh6 e5 19. Nf5 Bxf5 20. gxf5 Rb7 21.
h4 Rfb8 22. Nd5 Nxd5 23. exd5 Qd8 24. h5 Qf8 25. hxg6 Qxh6 26. Rxh6 fxg6 27.
fxg6 Kg7 28. Rxh7+ Kxg6 29. Rh4 Rc8 30. Rg1+ Kf5 31. Rgg4 Rf7 32. Rh6 c3 33. b4
Rd8 34. a3 Rdd7 35. Ka2 Rh7 36. Rgg6 Rxh6 37. Rxh6 Kf4 38. Rf6+ Ke3 39. Kb3 Kd4
40. a4 Kxd5 41. Kxc3 Rc7+ 42. Kd3 a6 43. c4+ Kc6 44. c5 a5 45. Rxd6+ Kb7 46.
c6+ Kb6 47. b5 Kc5 48. Rd7 Rc8 49. Ke4 Kb4 1-0

[Event "11th Philadelphia International"]
[Site "Philadelphia, PA"]
[Date "2017.06.27"]
[Round "6.33"]
[White "Lu, Benjamin"]
[Black "Norman, Dennis"]
[Result "0-1"]
[WhiteElo "1746"]
[BlackElo "1644"]
[PlyCount "90"]
[EventDate "2017.06.??"]
[EventType "swiss"]
[EventRounds "9"]
[EventCountry "USA"]

1. e4 e6 2. d4 d5 3. Nd2 Nf6 4. e5 Nfd7 5. Bd3 c5 6. c3 Nc6 7. Ne2 cxd4 8. cxd4
f6 9. exf6 Nxf6 10. Nf3 Bd6 11. O-O O-O 12. Re1 Qc7 13. Nc3 a6 14. h3 Bd7 15.
a3 Rae8 16. Qc2 h6 17. b4 e5 18. dxe5 Nxe5 19. Nxe5 Bxe5 20. Bd2 d4 21. Ne4
Qxc2 22. Bxc2 d3 23. Nxf6+ Bxf6 24. Bb3+ Kh8 25. Rad1 Re2 26. Be3 Bc3 27. Rf1
Bf5 28. Bd5 b5 29. Bf3 Ra2 30. Rc1 Rxa3 31. Bc5 Rd8 32. g4 d2 33. Rxc3 Rxc3 34.
gxf5 Rxf3 35. Rd1 Rxf5 36. Be3 Rfd5 37. Kf1 Kg8 38. Ke2 Kf7 39. Rxd2 Rxd2+ 40.
Bxd2 Ke6 41. Bc3 g6 42. f4 h5 43. Ke3 Kf5 44. Bd4 Rc8 45. Bc5 a5 0-1

[Event "11th Philadelphia International"]
[Site "Philadelphia, PA"]
[Date "2017.06.27"]
[Round "6.34"]
[White "Sanjeevi, Bhaskar"]
[Black "Baquero, Luis"]
[Result "0-1"]
[WhiteElo "1583"]
[BlackElo "2222"]
[PlyCount "60"]
[EventDate "2017.06.??"]
[EventType "swiss"]
[EventRounds "9"]
[EventCountry "USA"]

1. Nf3 d5 2. g3 g6 3. Bg2 Bg7 4. d4 Nf6 5. O-O O-O 6. c4 dxc4 7. Na3 c3 8. bxc3
c5 9. Ne5 Nd5 10. Qb3 Nxc3 11. Qxc3 cxd4 12. Qc5 Na6 13. Qb5 Nc7 14. Qa5 b6 15.
Qd2 Bxe5 16. Bxa8 Nxa8 17. Bb2 Bg7 18. Rad1 e5 19. e4 Ba6 20. Rfe1 Nc7 21. Nc2
Ne6 22. Nb4 Bb7 23. h4 Nc5 24. f3 f5 25. Qc2 fxe4 26. fxe4 Qa8 27. Qc4+ Kh8 28.
Nd5 Nxe4 29. Nc7 Qc8 30. Rd3 Nc5 0-1

[Event "11th Philadelphia International"]
[Site "Philadelphia, PA"]
[Date "2017.06.27"]
[Round "6.37"]
[White "Wongso, Steve"]
[Black "Aravind, Neelakantan"]
[Result "1-0"]
[WhiteElo "1636"]
[BlackElo "1351"]
[PlyCount "93"]
[EventDate "2017.06.??"]
[EventType "swiss"]
[EventRounds "9"]
[EventCountry "USA"]

1. e4 d5 2. exd5 Qxd5 3. Nf3 Nf6 4. d4 Bg4 5. Be2 c6 6. O-O e6 7. c4 Qa5 8. Nc3
Nbd7 9. Bd2 Qc7 10. h3 Bh5 11. Qc2 Bd6 12. Nd1 O-O 13. Ne3 e5 14. c5 Be7 15.
Nf5 Nd5 16. Nxe7+ Nxe7 17. Rae1 Bg6 18. Bd3 Bxd3 19. Qxd3 Rad8 20. Qa3 Ng6 21.
dxe5 Ndxe5 22. Nxe5 Rxd2 23. Nf3 Rdd8 24. Re3 b6 25. cxb6 axb6 26. Qc3 Rc8 27.
Nd4 Ne7 28. Rg3 Nd5 29. Rxg7+ Kxg7 30. Ne6+ Kg6 31. Qg7+ Kf5 32. Nxc7 Nxc7 33.
Qxh7+ Ke6 34. Re1+ Kd6 35. Qh6+ Ne6 36. Rd1+ Kc7 37. Qf6 Rce8 38. Qe5+ Kc8 39.
Qd6 Kb7 40. Qd7+ Nc7 41. Rd6 Re1+ 42. Kh2 Rc1 43. Qe7 Rc8 44. Qxf7 Rc2 45. Qd7
Rf8 46. Rg6 Rc8 47. h4 1-0

[Event "11th Philadelphia International"]
[Site "Philadelphia, PA"]
[Date "2017.06.28"]
[Round "7.2"]
[White "Nakar, Eylon"]
[Black "Burke, John"]
[Result "0-1"]
[WhiteElo "2476"]
[BlackElo "2489"]
[PlyCount "84"]
[EventDate "2017.06.??"]
[EventType "swiss"]
[EventRounds "9"]
[EventCountry "USA"]
[WhiteClock "0:49:19"]
[BlackClock "0:21:31"]

1. e4 e5 2. Nf3 Nc6 3. Bb5 a6 4. Ba4 Nf6 5. O-O Be7 6. d3 b5 7. Bb3 d6 8. a3
O-O 9. Nc3 Be6 10. h3 Bxb3 11. cxb3 h6 12. Be3 b4 13. Nd5 bxa3 14. bxa3 Nxd5
15. exd5 Nb8 16. Qc2 Nd7 17. Rfc1 Nf6 18. Qc4 Qb8 19. Nd2 Qb7 20. Qxc7 Qxc7 21.
Rxc7 Nxd5 22. Rb7 Rfc8 23. Nc4 Kf8 24. Bd2 Rcb8 25. Rxb8+ Rxb8 26. b4 Ke8 27.
Kf1 Kd7 28. Ke2 Bg5 29. g3 Bxd2 30. Kxd2 Nc7 31. Ne3 f6 32. Nf5 Ne6 33. Rc1 g6
34. Nxh6 Nd4 35. Ke3 Rh8 36. Ng4 f5 37. Nh2 f4+ 38. gxf4 Rxh3+ 39. Ke4 Ne2 40.
Rc2 Ke6 41. Nf3 d5+ 42. Ke3 Nd4 0-1

[Event "11th Philadelphia International"]
[Site "Philadelphia, PA"]
[Date "2017.06.28"]
[Round "7.3"]
[White "Nyzhnyk, Illia"]
[Black "Hilby, Craig"]
[Result "1-0"]
[WhiteElo "2612"]
[BlackElo "2380"]
[PlyCount "73"]
[EventDate "2017.06.??"]
[EventType "swiss"]
[EventRounds "9"]
[EventCountry "USA"]
[WhiteClock "0:12:30"]
[BlackClock "0:43:49"]

1. d4 Nf6 2. c4 g6 3. Nc3 d5 4. cxd5 Nxd5 5. Bd2 Bg7 6. e4 Nxc3 7. Bxc3 O-O 8.
Qd2 Nc6 9. Nf3 Bg4 10. d5 Bxf3 11. Bxg7 Kxg7 12. gxf3 Ne5 13. Qc3 f6 14. Bh3 c6
15. O-O-O cxd5 16. exd5 Qd6 17. f4 Nf7 18. Qd4 Rfd8 19. Rhe1 Kf8 20. Be6 Qb6
21. Qd2 Rd6 22. f5 Ng5 23. fxg6 hxg6 24. h4 Nxe6 25. Rxe6 Rc8+ 26. Kb1 Rxe6 27.
Qh6+ Kf7 28. Qh7+ Kf8 29. Qxg6 Qd6 30. Qh6+ Kf7 31. Qh5+ Kf8 32. Qh8+ Kf7 33.
Qxc8 Re2 34. Rg1 Rxb2+ 35. Kxb2 Qb4+ 36. Kc2 Qa4+ 37. Kd3 1-0

[Event "11th Philadelphia International"]
[Site "Philadelphia, PA"]
[Date "2017.06.28"]
[Round "7.4"]
[White "Zhou, Jianchao"]
[Black "Barbosa, Oliver"]
[Result "1/2-1/2"]
[WhiteElo "2595"]
[BlackElo "2511"]
[PlyCount "56"]
[EventDate "2017.06.??"]
[EventType "swiss"]
[EventRounds "9"]
[EventCountry "USA"]
[WhiteClock "0:56:19"]
[BlackClock "0:54:38"]

1. c4 c6 2. d4 d5 3. Nc3 Nf6 4. e3 g6 5. Nf3 Bg7 6. Be2 O-O 7. O-O b6 8. a4 a5
9. cxd5 cxd5 10. b3 Nc6 11. Ba3 Bb7 12. Rc1 Rc8 13. h3 Re8 14. Bb5 e6 15. Ne5
Bf8 16. Bxf8 Rxf8 17. Bxc6 Bxc6 18. Nxc6 Rxc6 19. Ne4 Rxc1 20. Nxf6+ Qxf6 21.
Qxc1 Qe7 22. Qc3 h5 23. Rc1 h4 24. Qd3 Qb4 25. Rc6 Qe1+ 26. Qf1 Qb4 27. Qb5
Qe1+ 28. Qf1 Qb4 1/2-1/2

[Event "11th Philadelphia International"]
[Site "Philadelphia, PA"]
[Date "2017.06.28"]
[Round "7.5"]
[White "Paragua, Mark"]
[Black "Stukopin, Andrey"]
[Result "0-1"]
[WhiteElo "2520"]
[BlackElo "2577"]
[PlyCount "48"]
[EventDate "2017.06.??"]
[EventType "swiss"]
[EventRounds "9"]
[EventCountry "USA"]

1. d4 d5 2. c4 dxc4 3. Nf3 Nf6 4. e3 Bg4 5. Bxc4 e6 6. h3 Bh5 7. Qb3 Bxf3 8.
gxf3 Nbd7 9. Qxb7 c5 10. dxc5 Bxc5 11. Nc3 Rb8 12. Qa6 O-O 13. Bb3 Ne5 14. Qe2
Rb4 15. Rg1 Rh4 16. f4 Nd3+ 17. Kf1 e5 18. f5 e4 19. Bc2 Ne5 20. b3 Qc8 21. Rg3
Qxf5 22. f4 Nh5 23. Rg2 Qxh3 24. Nxe4 Rxf4+ 0-1

[Event "11th Philadelphia International"]
[Site "Philadelphia, PA"]
[Date "2017.06.28"]
[Round "7.6"]
[White "Li, Ruifeng"]
[Black "Niemann, Hans"]
[Result "1-0"]
[WhiteElo "2571"]
[BlackElo "2282"]
[PlyCount "147"]
[EventDate "2017.06.??"]
[EventType "swiss"]
[EventRounds "9"]
[EventCountry "USA"]

1. d4 Nf6 2. Nf3 c5 3. e3 d5 4. b3 Bf5 5. Bb2 e6 6. Bb5+ Nc6 7. O-O Rc8 8. Ne5
Bd6 9. c4 O-O 10. cxd5 exd5 11. Nxc6 bxc6 12. Be2 Qc7 13. g3 Qe7 14. dxc5 Bxc5
15. Nd2 Rfe8 16. Bf3 Qe6 17. Bg2 Ng4 18. Nf3 Qh6 19. Bd4 Bxd4 20. Qxd4 Be4 21.
h3 c5 22. Qa4 Nf6 23. h4 Qh5 24. Ng5 h6 25. Nxe4 dxe4 26. Rad1 g5 27. Rd6 Re6
28. Rxe6 fxe6 29. Qc4 Kf7 30. Bh3 Rc6 31. Qb5 Rc7 32. Qb8 Re7 33. Qe5 gxh4 34.
Qxh5+ Nxh5 35. gxh4 Rd7 36. Rc1 Rd5 37. Rc4 Nf6 38. Ra4 Rd1+ 39. Kg2 Rd7 40.
Ra6 Re7 41. Kg3 Nd5 42. Bg2 Nc3 43. Kf4 Rd7 44. Bxe4 Rd2 45. Ke5 Rxa2 46. Rxa2
Nxa2 47. Kd6 Nc3 48. Bf3 Kf6 49. Kxc5 Ke5 50. Kc4 Ne4 51. Bxe4 Kxe4 52. Kc5 e5
53. Kd6 a5 54. h5 Kd3 55. f4 exf4 56. exf4 Ke4 57. Ke6 Kxf4 58. Kf6 Ke4 59. Kg6
Ke5 60. Kxh6 Kf6 61. Kh7 Kf7 62. h6 Kf8 63. Kg6 Kg8 64. Kf6 Kh7 65. Ke6 Kxh6
66. Kd5 Kg5 67. Kc6 Kf6 68. Kb5 Ke7 69. Kxa5 Kd8 70. Ka6 Kc7 71. b4 Kb8 72. b5
Ka8 73. b6 Kb8 74. b7 1-0

[Event "11th Philadelphia International"]
[Site "Philadelphia, PA"]
[Date "2017.06.28"]
[Round "7.7"]
[White "Hernandez, Holden"]
[Black "Peng, David"]
[Result "0-1"]
[WhiteElo "2510"]
[BlackElo "2254"]
[PlyCount "82"]
[EventDate "2017.06.??"]
[EventType "swiss"]
[EventRounds "9"]
[EventCountry "USA"]

1. e4 c5 2. Nc3 a6 3. g3 b5 4. Bg2 Bb7 5. Nge2 e6 6. a3 Nf6 7. d3 d5 8. exd5
Nxd5 9. Ne4 Be7 10. O-O O-O 11. c4 Nb6 12. Qc2 Qc7 13. cxb5 f5 14. bxa6 Nxa6
15. Nd2 Bxg2 16. Kxg2 Nb4 17. Qb1 Qb7+ 18. Kg1 Nc6 19. Qa2 Kh8 20. Qb3 Na5 21.
Qc2 Nd7 22. f4 e5 23. Nf3 e4 24. Nd2 Qa6 25. Nc3 exd3 26. Qd1 c4 27. Rb1 Rab8
28. Nf3 Bc5+ 29. Kg2 Nf6 30. Re1 Ne4 31. Bd2 Qa8 32. Nxe4 fxe4 33. Ng5 e3+ 34.
Kh3 exd2 35. Qh5 h6 36. Re6 Rb6 37. Nf7+ Rxf7 38. Qxf7 Rxe6 39. Qxe6 Qc6 40.
Qxc6 Nxc6 41. Rd1 Bxa3 0-1

[Event "11th Philadelphia International"]
[Site "Philadelphia, PA"]
[Date "2017.06.28"]
[Round "7.8"]
[White "Mandizha, Farai"]
[Black "Garcia, Jan"]
[Result "0-1"]
[WhiteElo "2342"]
[BlackElo "2436"]
[PlyCount "78"]
[EventDate "2017.06.??"]
[EventType "swiss"]
[EventRounds "9"]
[EventCountry "USA"]

1. d4 Nf6 2. c4 g6 3. Nc3 d5 4. cxd5 Nxd5 5. e4 Nxc3 6. bxc3 Bg7 7. Bc4 c5 8.
Ne2 O-O 9. O-O Nc6 10. Be3 Bd7 11. Rb1 Qc7 12. Qc1 Rfd8 13. Bf4 Qc8 14. d5 Na5
15. Bd3 c4 16. Bc2 e6 17. Bg5 Re8 18. dxe6 Bxe6 19. Nd4 Bd7 20. f4 Nc6 21. Nb5
Nd8 22. f5 Be5 23. Bf4 Qc5+ 24. Be3 Qc8 25. Bd4 Bxb5 26. Rxb5 Nc6 27. Qe3 Qc7
28. f6 Qd6 29. Rd5 Qa3 30. Bxe5 Rxe5 31. Rfd1 Rae8 32. Rd7 R5e6 33. Rf1 b6 34.
Kh1 Ne5 35. Rc7 Ng4 36. Qg5 Qd6 37. Qf4 Rxf6 38. Rxf7 Qxf4 39. Rxf4 Rxf7 0-1

[Event "11th Philadelphia International"]
[Site "Philadelphia, PA"]
[Date "2017.06.28"]
[Round "7.10"]
[White "Sarkar, Justin"]
[Black "Guo, Arthur"]
[Result "1/2-1/2"]
[WhiteElo "2375"]
[BlackElo "2122"]
[PlyCount "129"]
[EventDate "2017.06.??"]
[EventType "swiss"]
[EventRounds "9"]
[EventCountry "USA"]

1. e4 c5 2. Nf3 d6 3. d4 cxd4 4. Nxd4 Nf6 5. Nc3 a6 6. Bc4 e6 7. O-O Be7 8. Bb3
O-O 9. Qf3 Qc7 10. Qg3 Kh8 11. Be3 b5 12. f3 Bd7 13. Rfd1 Qb7 14. a4 b4 15.
Nce2 Rc8 16. a5 Nc6 17. Nxc6 Bxc6 18. Nf4 Bb5 19. Nd3 Bc4 20. e5 Ne8 21. Nc5
dxc5 22. Bxc4 Rd8 23. h4 Nc7 24. h5 h6 25. f4 Nb5 26. Qf2 Qc6 27. f5 Rg8 28.
fxe6 fxe6 29. Qf3 Qxf3 30. gxf3 Nd4 31. Bxd4 cxd4 32. Bxe6 Rgf8 33. Kg2 Bc5 34.
Bd7 Ra7 35. e6 Rc7 36. Rac1 Rf5 37. c3 Rg5+ 38. Kh3 Rxh5+ 39. Kg4 Rg5+ 40. Kf4
bxc3 41. bxc3 Ba3 42. Ra1 Bd6+ 43. Ke4 Rxc3 44. f4 Rg4 45. Kd5 Be7 46. Rxd4
Rc5+ 47. Ke4 g5 48. Rf1 Rxa5 49. Rd5 Rxd5 50. Kxd5 Rxf4 51. Rxf4 gxf4 52. Ke4
Bg5 53. Bc6 Kg7 54. e7 Bxe7 55. Kxf4 h5 56. Be8 h4 57. Kg4 a5 58. Kh3 Bf6 59.
Bc6 Kf8 60. Kg2 Ke7 61. Bb5 Ke6 62. Bc6 Ke5 63. Bb5 Kf4 64. Ba4 Kg4 65. Bd7+
1/2-1/2

[Event "11th Philadelphia International"]
[Site "Philadelphia, PA"]
[Date "2017.06.28"]
[Round "7.11"]
[White "Wheeler, Cameron"]
[Black "Banik, Siddharth"]
[Result "1-0"]
[WhiteElo "2407"]
[BlackElo "2209"]
[PlyCount "57"]
[EventDate "2017.06.??"]
[EventType "swiss"]
[EventRounds "9"]
[EventCountry "USA"]

1. Nf3 Nf6 2. g3 d5 3. Bg2 e6 4. O-O Be7 5. d3 c5 6. Nbd2 Nc6 7. e4 Qc7 8. Re1
b5 9. Qe2 Bb7 10. e5 Nd7 11. Nf1 Rc8 12. Bf4 a5 13. c3 Qb6 14. h4 a4 15. Ne3
Nf8 16. Bg5 Bxg5 17. Nxg5 h6 18. Nh3 Ng6 19. f4 d4 20. f5 Ngxe5 21. Ng4 f6 22.
Nf4 c4 23. Nxe5 dxc3+ 24. d4 fxe5 25. Qh5+ Ke7 26. fxe6 Kd8 27. e7+ Nxe7 28.
Qxe5 Nc6 29. Qd6# 1-0

[Event "11th Philadelphia International"]
[Site "Philadelphia, PA"]
[Date "2017.06.28"]
[Round "7.12"]
[White "Grabinsky, Aaron"]
[Black "Becerra, Julio"]
[Result "0-1"]
[WhiteElo "2338"]
[BlackElo "2556"]
[PlyCount "118"]
[EventDate "2017.06.??"]
[EventType "swiss"]
[EventRounds "9"]
[EventCountry "USA"]

1. e4 c5 2. Nc3 Nc6 3. Bb5 Nd4 4. Nf3 a6 5. Bd3 Nc6 6. O-O d6 7. Bc4 e6 8. a4
Nf6 9. Re1 Be7 10. d4 cxd4 11. Nxd4 O-O 12. Bg5 Bd7 13. Nxc6 Bxc6 14. Qd4 Qa5
15. Bh4 Rfd8 16. Bb3 Qh5 17. Bg3 Qh6 18. Nd5 Bxd5 19. exd5 e5 20. Qb4 Rd7 21.
f3 Nh5 22. Bf2 Bg5 23. Rad1 Nf4 24. Qe4 Rf8 25. Qf5 Rc7 26. Bb6 Re7 27. c4 e4
28. fxe4 Rfe8 29. Qg4 f5 30. Qxf5 Qh5 31. h3 Qh6 32. Bc2 Ng6 33. Qf3 Rf7 34.
Qe2 Bf4 35. Rf1 Ref8 36. Bd4 Qg5 37. Bf2 h5 38. e5 Nxe5 39. Qe4 g6 40. Qe2 a5
41. b3 Re7 42. Be4 Rfe8 43. Rfe1 b6 44. h4 Qf6 45. g3 Bh6 46. Qc2 g5 47. Kh1
gxh4 48. Rg1 Ng4 49. Bd4 Qg5 50. Rde1 Bg7 51. Bh7+ Kh8 52. Rxe7 Qxe7 53. Bxg7+
Qxg7 54. Bg6 Re5 55. Bf5 hxg3 56. Rxg3 Re1+ 57. Kg2 Ne3+ 58. Kf2 Nxc2 59. Rxg7
Kxg7 0-1

[Event "11th Philadelphia International"]
[Site "Philadelphia, PA"]
[Date "2017.06.28"]
[Round "7.15"]
[White "Aaron, Deepak"]
[Black "Ruiz, Joshua"]
[Result "1-0"]
[WhiteElo "2321"]
[BlackElo "2367"]
[PlyCount "61"]
[EventDate "2017.06.??"]
[EventType "swiss"]
[EventRounds "9"]
[EventCountry "USA"]

1. e4 c5 2. Nf3 d6 3. d4 cxd4 4. Nxd4 Nf6 5. Nc3 a6 6. Nb3 g6 7. Be2 Bg7 8. Be3
O-O 9. Qd2 Nc6 10. Bh6 b5 11. Bxg7 Kxg7 12. f3 Ne5 13. h4 h5 14. O-O-O Nc4 15.
Bxc4 bxc4 16. Nd4 Qa5 17. g4 hxg4 18. h5 gxf3 19. hxg6 fxg6 20. Qh6+ Kf7 21. e5
dxe5 22. Nxf3 Bf5 23. Rde1 Nd7 24. Qh7+ Ke8 25. Qg7 Rb8 26. Nxe5 Qb4 27. Nxc4
Rf7 28. Rh8+ Nf8 29. Qe5 Rd8 30. a3 Qxc4 31. Rxf8+ 1-0

[Event "11th Philadelphia International"]
[Site "Philadelphia, PA"]
[Date "2017.06.28"]
[Round "7.17"]
[White "Virtanen, Teemu"]
[Black "Belous, Vladimir"]
[Result "0-1"]
[WhiteElo "2141"]
[BlackElo "2567"]
[PlyCount "90"]
[EventDate "2017.06.??"]
[EventType "swiss"]
[EventRounds "9"]
[EventCountry "USA"]

1. c4 e5 2. Nc3 Nf6 3. g3 Bb4 4. Bg2 O-O 5. Nf3 Bxc3 6. bxc3 Re8 7. O-O h6 8.
d3 Nc6 9. e4 d6 10. Rb1 a6 11. h3 b5 12. Nd2 Be6 13. f4 exf4 14. gxf4 Bd7 15.
Ba3 Na5 16. c5 Bc6 17. cxd6 cxd6 18. Nf3 Rc8 19. Nd4 Ba8 20. Nf5 Nb7 21. Kh2
Kh7 22. Rg1 g6 23. Ne3 Nc5 24. Bb2 Na4 25. Ba1 d5 26. e5 Nh5 27. Rb4 Nxc3 28.
Qg4 Qe7 29. Rd4 b4 30. Bf3 Ng7 31. Nxd5 Bxd5 32. Rxd5 Nxd5 33. Bxd5 Rc2+ 34.
Rg2 Rec8 35. Be4 Qe6 36. d4 f5 37. d5 Qe8 38. Qd1 Rc1 39. Qd4 fxe4 40. e6 Nf5
41. Qe5 Rxa1 42. Qxa1 Rc3 43. Qe1 Qd8 44. Rd2 e3 45. Rd1 Qd6 0-1

[Event "11th Philadelphia International"]
[Site "Philadelphia, PA"]
[Date "2017.06.28"]
[Round "7.21"]
[White "Bian, Alex"]
[Black "Nguyen, Tan"]
[Result "1-0"]
[WhiteElo "2266"]
[BlackElo "1949"]
[PlyCount "69"]
[EventDate "2017.06.??"]
[EventType "swiss"]
[EventRounds "9"]
[EventCountry "USA"]

1. e4 g6 2. d4 Bg7 3. Nc3 d6 4. g3 Nc6 5. Nge2 Nf6 6. Bg2 e5 7. dxe5 Nxe5 8. h3
O-O 9. b3 Re8 10. Bg5 h6 11. Be3 Bd7 12. Qd2 Kh7 13. f4 Nc6 14. O-O-O a5 15. a4
Qe7 16. g4 b5 17. axb5 Nb4 18. e5 dxe5 19. fxe5 Qxe5 20. Bd4 Qe7 21. Bxa8 Rxa8
22. Bxf6 Bxf6 23. Qxd7 Qe3+ 24. Kb2 Kg7 25. Qd2 Qc5 26. Rhf1 Be5 27. Kb1 a4 28.
Nxa4 Qxb5 29. Nec3 Qc6 30. Qd7 Qg2 31. Qxf7+ Kh8 32. Qxg6 Bg7 33. Rf7 Rg8 34.
Rxg7 Rxg7 35. Rd8+ 1-0

[Event "11th Philadelphia International"]
[Site "Philadelphia, PA"]
[Date "2017.06.28"]
[Round "7.25"]
[White "Norman, Dennis"]
[Black "Cooke, Eric"]
[Result "0-1"]
[WhiteElo "1644"]
[BlackElo "2118"]
[PlyCount "66"]
[EventDate "2017.06.??"]
[EventType "swiss"]
[EventRounds "9"]
[EventCountry "USA"]

1. e4 e6 2. d4 d5 3. Nd2 Nf6 4. e5 Nfd7 5. Bd3 c5 6. c3 Nc6 7. Ne2 cxd4 8. cxd4
f6 9. exf6 Nxf6 10. O-O Bd6 11. Nf3 O-O 12. Bf4 Qc7 13. Bxd6 Qxd6 14. Nc3 Bd7
15. Re1 Qf4 16. Qc1 Qg4 17. h3 Qh5 18. Qe3 Kh8 19. Bb5 Rae8 20. Bxc6 Bxc6 21.
Ne5 Nd7 22. g4 Qh4 23. Nxd7 Bxd7 24. Kg2 e5 25. dxe5 d4 26. Qxd4 Bc6+ 27. Ne4
Rd8 28. Qc5 Rf4 29. Qc2 Rdf8 30. Kg1 Qxh3 31. Re3 Rxg4+ 32. Rg3 Bxe4 33. Qxe4
Qxg3+ 0-1

[Event "11th Philadelphia International"]
[Site "Philadelphia, PA"]
[Date "2017.06.28"]
[Round "7.27"]
[White "Macaspac, Arthur"]
[Black "Shepherd, Duncan"]
[Result "1-0"]
[WhiteElo "2059"]
[BlackElo "1785"]
[PlyCount "57"]
[EventDate "2017.06.??"]
[EventType "swiss"]
[EventRounds "9"]
[EventCountry "USA"]

1. e4 c6 2. c4 d5 3. cxd5 cxd5 4. exd5 Nf6 5. Qa4+ Nbd7 6. Nc3 g6 7. g4 h6 8.
Bg2 Bg7 9. h3 O-O 10. d4 Nb6 11. Qb3 e6 12. dxe6 Bxe6 13. Qd1 Nfd5 14. Nge2 Qh4
15. O-O h5 16. f3 Nxc3 17. bxc3 Bc4 18. Rf2 Nd5 19. Bd2 Rfe8 20. Nf4 Ne3 21.
Qc1 Nxg2 22. Kxg2 Bh6 23. Nd3 Bxd3 24. Bxh6 hxg4 25. hxg4 Re6 26. Bg5 Qh7 27.
Qd2 Bc4 28. d5 Re5 29. Qf4 1-0

[Event "11th Philadelphia International"]
[Site "Philadelphia, PA"]
[Date "2017.06.28"]
[Round "7.28"]
[White "Winkelman, Albert"]
[Black "Kumar, Prudhvi"]
[Result "1/2-1/2"]
[WhiteElo "2028"]
[BlackElo "1707"]
[PlyCount "62"]
[EventDate "2017.06.??"]
[EventType "swiss"]
[EventRounds "9"]
[EventCountry "USA"]

1. d4 Nf6 2. c4 c5 3. d5 b5 4. cxb5 a6 5. e3 g6 6. Nc3 Bg7 7. Nf3 O-O 8. bxa6
Bxa6 9. Bxa6 Nxa6 10. O-O d6 11. e4 Qb6 12. Nd2 Nb4 13. a3 Qa6 14. axb4 Qxa1
15. bxc5 dxc5 16. e5 Nd7 17. e6 fxe6 18. dxe6 Ne5 19. Nb3 Qa6 20. Nxc5 Qc4 21.
Nd7 Rfd8 22. Qd5 Qxd5 23. Nxd5 Nxd7 24. exd7 Kf7 25. Bf4 Rxd7 26. Nb6 Rd4 27.
Be3 Rb8 28. Bxd4 Bxd4 29. Nc4 Rb4 30. Rc1 Bxb2 31. Nxb2 Rxb2 1/2-1/2

[Event "11th Philadelphia International"]
[Site "Philadelphia, PA"]
[Date "2017.06.28"]
[Round "7.32"]
[White "Goli, Sandhya"]
[Black "Viswanathan, Arul"]
[Result "1/2-1/2"]
[WhiteElo "1873"]
[BlackElo "1714"]
[PlyCount "115"]
[EventDate "2017.06.??"]
[EventType "swiss"]
[EventRounds "9"]
[EventCountry "USA"]

1. e4 b6 2. d4 Bb7 3. Nc3 e6 4. Be3 Bb4 5. f3 Nf6 6. a3 Be7 7. Bd3 d5 8. exd5
Nxd5 9. Nxd5 Bxd5 10. c4 Bb7 11. Qc2 Bg5 12. Bf2 h6 13. Be4 Bxe4 14. Qxe4 Nd7
15. f4 Be7 16. Nf3 O-O 17. Ne5 Nxe5 18. dxe5 c5 19. Rd1 Qc7 20. O-O Rad8 21.
Be3 Rxd1 22. Rxd1 Rd8 23. Rd3 Rxd3 24. Qxd3 Qd8 25. Qxd8+ Bxd8 26. Kf2 Be7 27.
Kf3 Kf8 28. Ke4 Ke8 29. b3 Kd7 30. f5 exf5+ 31. Kxf5 Bf8 32. Bf4 Ke7 33. g4 g6+
34. Ke4 Ke6 35. h4 Bg7 36. h5 g5 37. Bg3 Bf8 38. Be1 Be7 39. Bc3 Bd8 40. b4
cxb4 41. Bxb4 Be7 42. Bxe7 Kxe7 43. Kf5 a6 44. a4 a5 45. Ke4 Ke6 46. Kd4 Ke7
47. Kd5 Kd7 48. Ke4 Ke6 49. Kd4 Ke7 50. Kd3 Kd7 51. Ke3 Ke7 52. Kd4 Ke8 53. Ke4
Kd8 54. Kd4 Ke7 55. Ke3 Kd7 56. Kd3 Kd8 57. Ke4 Ke8 58. Kd4 1/2-1/2

[Event "11th Philadelphia International"]
[Site "Philadelphia, PA"]
[Date "2017.06.28"]
[Round "7.35"]
[White "Lee, Jayden"]
[Black "Sanjeevi, Bhaskar"]
[Result "0-1"]
[WhiteElo "1689"]
[BlackElo "1583"]
[PlyCount "60"]
[EventDate "2017.06.??"]
[EventType "swiss"]
[EventRounds "9"]
[EventCountry "USA"]

1. e4 e5 2. Nf3 Nc6 3. Bb5 Nge7 4. O-O g6 5. d4 exd4 6. Nxd4 Bg7 7. Be3 O-O 8.
c3 d6 9. f4 a6 10. Ba4 f5 11. Bb3+ Kh8 12. exf5 Nxf5 13. Nxf5 Bxf5 14. g4 Bd7
15. Kg2 Na5 16. Bd5 c6 17. Bf3 Nc4 18. Bc1 d5 19. b3 Nd6 20. Ba3 Be6 21. Re1
Qd7 22. Bc1 Rae8 23. Bd2 d4 24. h3 Nb5 25. Qc1 Bd5 26. Bxd5 Qxd5+ 27. Kh2 Qf3
28. h4 dxc3 29. Nxc3 Nxc3 30. Rf1 Re2+ 0-1

[Event "11th Philadelphia International"]
[Site "Philadelphia, PA"]
[Date "2017.06.28"]
[Round "7.36"]
[White "Aravind, Neelakantan"]
[Black "Lu, Benjamin"]
[Result "1-0"]
[WhiteElo "1351"]
[BlackElo "1746"]
[PlyCount "117"]
[EventDate "2017.06.??"]
[EventType "swiss"]
[EventRounds "9"]
[EventCountry "USA"]

1. Nf3 d5 2. g3 Nf6 3. Bg2 c5 4. c4 e6 5. O-O Nc6 6. d3 g6 7. Bg5 Bg7 8. Qd2
O-O 9. Nc3 d4 10. Nb5 a6 11. Na3 e5 12. Nc2 Qd6 13. a3 Nd7 14. Bh6 f5 15. Bxg7
Kxg7 16. b4 Rb8 17. bxc5 Nxc5 18. Rab1 Be6 19. Ng5 Rfd8 20. Nxe6+ Qxe6 21. Nb4
e4 22. Nxc6 Qxc6 23. Rb4 Qe6 24. Rfb1 b6 25. Qc2 Re8 26. Qb2 exd3 27. Qxd4+ Qe5
28. Qxe5+ Rxe5 29. exd3 Nxd3 30. Rxb6 Rxb6 31. Rxb6 Ra5 32. Rb3 Ne5 33. Rc3 Rc5
34. Bd5 Nd7 35. Bb7 a5 36. Kf1 Kf6 37. f4 Nb6 38. Ba6 Nd5 39. Rc1 Nc7 40. Bb7
Nb5 41. a4 Nd6 42. Bd5 Nc8 43. Re1 Kg7 44. Re6 Kf8 45. Rc6 Rxc6 46. Bxc6 Ke7
47. c5 Ke6 48. Ke2 Ne7 49. Bf3 Nd5 50. Kd3 Nc7 51. Kc4 h6 52. h4 h5 53. Bg2 Ke7
54. Bd5 Kf6 55. c6 Ke7 56. Kc5 Ke8 57. Bc4 Ke7 58. Kb6 Kd6 59. Bf7 1-0

[Event "11th Philadelphia International"]
[Site "Philadelphia, PA"]
[Date "2017.06.28"]
[Round "8.1"]
[White "Perez, Yuniesky"]
[Black "Burke, John"]
[Result "1/2-1/2"]
[WhiteElo "2624"]
[BlackElo "2489"]
[PlyCount "46"]
[EventDate "2017.06.??"]
[EventType "swiss"]
[EventRounds "9"]
[EventCountry "USA"]
[WhiteClock "1:17:36"]
[BlackClock "1:08:51"]

1. e4 e5 2. Nf3 Nc6 3. Bb5 a6 4. Ba4 Nf6 5. O-O Be7 6. d3 b5 7. Bb3 d6 8. a4
Bd7 9. c3 Na5 10. Ba2 c5 11. Na3 Rb8 12. axb5 axb5 13. Bg5 O-O 14. Bxf6 Bxf6
15. Bd5 Nc6 16. Nc2 Ne7 17. Ne3 Nxd5 18. Nxd5 Bc6 19. Ra6 Bxd5 20. exd5 Ra8 21.
Rc6 Rc8 22. Ra6 Ra8 23. Rc6 Rc8 1/2-1/2